| 000 | 00722nam a22001217a 4500 | ||
|---|---|---|---|
| 040 | _cVONG PHANNITH, RUA | ||
| 082 | _aPHD THI 2025 B707 Or.1 | ||
| 100 | _aTHIM, SOKHA / ធីម សុខា | ||
| 245 | _aLocal chicken raising of farmers in the south part and antibody level of newcastle disease in cambodia, ស្ថានភាពចិញ្ចឹមមាន់របស់កសិករនៅភាគខាងត្បូង និងកម្រិតអង់ទីករ ជំងឺញូវកាស មាន់ពូជក្នុងស្រុក នៅក្នុងប្រទេសកម្ពុជា | ||
| 260 |
_aPHNOM PENH _bRUA _c2025 |
||
| 300 |
_axviii,130p. _bill. _c29cm. |
||
| 942 | _cPHD | ||
| 999 |
_c25846 _d25846 |
||